<?xml version="1.0" encoding="UTF-8"?>
<record
    xmlns:xsi="http://www.w3.org/2001/XMLSchema-instance"
    xsi:schemaLocation="http://www.loc.gov/MARC21/slim http://www.loc.gov/standards/marcxml/schema/MARC21slim.xsd"
    xmlns="http://www.loc.gov/MARC21/slim">

  <leader>00346nam a22001577a 4500</leader>
  <controlfield tag="003">SGT</controlfield>
  <datafield tag="020" ind1=" " ind2=" ">
    <subfield code="a">9789351197805</subfield>
  </datafield>
  <datafield tag="082" ind1=" " ind2=" ">
    <subfield code="a">658.8342 CHH</subfield>
  </datafield>
  <datafield tag="100" ind1=" " ind2=" ">
    <subfield code="a">CHHABRA,GURPREET KAUR</subfield>
  </datafield>
  <datafield tag="245" ind1=" " ind2=" ">
    <subfield code="a">CONSUMER BEHAVIOUR</subfield>
  </datafield>
  <datafield tag="250" ind1=" " ind2=" ">
    <subfield code="a">1ST</subfield>
  </datafield>
  <datafield tag="260" ind1=" " ind2=" ">
    <subfield code="a">NEW DELHI</subfield>
    <subfield code="b">BIZTANTRA</subfield>
    <subfield code="c">2015</subfield>
  </datafield>
  <datafield tag="300" ind1=" " ind2=" ">
    <subfield code="a">372</subfield>
  </datafield>
  <datafield tag="650" ind1=" " ind2=" ">
    <subfield code="a">CONSUMER BEHAVIOUR</subfield>
  </datafield>
  <datafield tag="942" ind1=" " ind2=" ">
    <subfield code="2">ddc</subfield>
    <subfield code="c">FCM</subfield>
  </datafield>
  <datafield tag="952" ind1=" " ind2=" ">
    <subfield code="0">0</subfield>
    <subfield code="1">0</subfield>
    <subfield code="2">ddc</subfield>
    <subfield code="4">0</subfield>
    <subfield code="7">1</subfield>
    <subfield code="8">CM</subfield>
    <subfield code="a">SSSL</subfield>
    <subfield code="b">SSSL</subfield>
    <subfield code="c">REF</subfield>
    <subfield code="d">2017-01-31</subfield>
    <subfield code="e">INDIAN PUBLISHERS &amp; DISTRIBUTORS</subfield>
    <subfield code="g">399.00</subfield>
    <subfield code="i">SGTU</subfield>
    <subfield code="o">658.8342 CHH</subfield>
    <subfield code="p">CM3176</subfield>
    <subfield code="r">2017-01-31 00:00:00</subfield>
    <subfield code="w">2016-12-20</subfield>
    <subfield code="y">FCM</subfield>
    <subfield code="k">117</subfield>
  </datafield>
  <datafield tag="952" ind1=" " ind2=" ">
    <subfield code="0">0</subfield>
    <subfield code="1">0</subfield>
    <subfield code="2">ddc</subfield>
    <subfield code="4">0</subfield>
    <subfield code="7">0</subfield>
    <subfield code="8">CM</subfield>
    <subfield code="a">SSSL</subfield>
    <subfield code="b">SSSL</subfield>
    <subfield code="c">DISPLAY</subfield>
    <subfield code="d">2017-01-31</subfield>
    <subfield code="e">INDIAN PUBLISHERS &amp; DISTRIBUTORS</subfield>
    <subfield code="g">399.00</subfield>
    <subfield code="i">SGTU</subfield>
    <subfield code="l">14</subfield>
    <subfield code="o">658.8342 CHH</subfield>
    <subfield code="p">CM3177</subfield>
    <subfield code="r">2021-04-21 00:00:00</subfield>
    <subfield code="s">2021-04-05</subfield>
    <subfield code="w">2016-12-20</subfield>
    <subfield code="y">FCM</subfield>
    <subfield code="k">117</subfield>
  </datafield>
  <datafield tag="952" ind1=" " ind2=" ">
    <subfield code="0">0</subfield>
    <subfield code="1">0</subfield>
    <subfield code="2">ddc</subfield>
    <subfield code="4">0</subfield>
    <subfield code="7">0</subfield>
    <subfield code="8">CM</subfield>
    <subfield code="a">SSSL</subfield>
    <subfield code="b">SSSL</subfield>
    <subfield code="c">DISPLAY</subfield>
    <subfield code="d">2017-01-31</subfield>
    <subfield code="e">INDIAN PUBLISHERS &amp; DISTRIBUTORS</subfield>
    <subfield code="g">399.00</subfield>
    <subfield code="i">SGTU</subfield>
    <subfield code="l">5</subfield>
    <subfield code="o">658.8342 CHH</subfield>
    <subfield code="p">CM3452</subfield>
    <subfield code="r">2020-02-22 00:00:00</subfield>
    <subfield code="s">2020-02-10</subfield>
    <subfield code="w">2016-12-14</subfield>
    <subfield code="y">FCM</subfield>
    <subfield code="k">120</subfield>
  </datafield>
  <datafield tag="952" ind1=" " ind2=" ">
    <subfield code="0">0</subfield>
    <subfield code="1">0</subfield>
    <subfield code="2">ddc</subfield>
    <subfield code="4">0</subfield>
    <subfield code="7">0</subfield>
    <subfield code="8">CM</subfield>
    <subfield code="a">SSSL</subfield>
    <subfield code="b">SSSL</subfield>
    <subfield code="c">DISPLAY</subfield>
    <subfield code="d">2017-01-31</subfield>
    <subfield code="e">INDIAN PUBLISHERS &amp; DISTRIBUTORS</subfield>
    <subfield code="g">399.00</subfield>
    <subfield code="i">SGTU</subfield>
    <subfield code="l">7</subfield>
    <subfield code="o">658.8342 CHH</subfield>
    <subfield code="p">CM3453</subfield>
    <subfield code="r">2017-12-27 00:00:00</subfield>
    <subfield code="s">2017-12-25</subfield>
    <subfield code="w">2016-12-14</subfield>
    <subfield code="y">FCM</subfield>
    <subfield code="k">120</subfield>
  </datafield>
  <datafield tag="952" ind1=" " ind2=" ">
    <subfield code="0">0</subfield>
    <subfield code="1">0</subfield>
    <subfield code="2">ddc</subfield>
    <subfield code="4">0</subfield>
    <subfield code="7">0</subfield>
    <subfield code="8">CM</subfield>
    <subfield code="a">SSSL</subfield>
    <subfield code="b">SSSL</subfield>
    <subfield code="c">DISPLAY</subfield>
    <subfield code="d">2017-01-31</subfield>
    <subfield code="e">INDIAN PUBLISHERS &amp; DISTRIBUTORS</subfield>
    <subfield code="g">399.00</subfield>
    <subfield code="i">SGTU</subfield>
    <subfield code="l">9</subfield>
    <subfield code="o">658.8342 CHH</subfield>
    <subfield code="p">CM3454</subfield>
    <subfield code="r">2019-06-04 00:00:00</subfield>
    <subfield code="s">2019-06-03</subfield>
    <subfield code="w">2016-12-14</subfield>
    <subfield code="y">FCM</subfield>
    <subfield code="k">120</subfield>
  </datafield>
  <datafield tag="999" ind1=" " ind2=" ">
    <subfield code="c">10719</subfield>
    <subfield code="d">10719</subfield>
  </datafield>
</record>
